000 00326nam a22001457a 4500
008 230412b ||||| |||| 00| 0 eng d
020 _a9781305660588
041 _aeng
080 _a316
082 _a316HEN
100 _a24
101 _aSOCI
245 _aSOC 5 INTRODUCTION TO SOCIOLOGY
_cHENSLIN.M.J
942 _2udc
_cBK
999 _c59517
_d59517